Η ροή για το σύστημα Lorenz : πτυχιακή εργασία

Η ροή για το σύστημα Lorenz

Αποθηκεύτηκε σε:
Λεπτομέρειες βιβλιογραφικής εγγραφής
Κύριοι συγγραφείς: Καραντώνης, Γεώργιος Αλέξιος, Ρουμελιώτης, Θωμάς (Συγγραφέας)
Συγγραφή απο Οργανισμό/Αρχή: Πανεπιστήμιο Αιγαίου. Σχολή Θετικών Επιστημών. Τμήμα Μαθηματικών
Μορφή: Thesis Βιβλίο
Γλώσσα:Greek
Δημοσίευση: 2007.
Θέματα:
Διαθέσιμο Online:http://hdl.handle.net/11610/7990
Ετικέτες: Προσθήκη ετικέτας
Δεν υπάρχουν, Καταχωρήστε ετικέτα πρώτοι!

MARC

LEADER 00000cam a2200000 i 4500
001 1/91835
008 080805s2007 gr | ||| |||| ||gre||
035 |l 10099362 
040 |a GR-MyUA  |b gre  |e AACR2 
041 0 |a gre 
082 0 |a 515.352   |2 (22)  
100 1 |a Καραντώνης, Γεώργιος Αλέξιος. 
245 1 2 |a Η ροή για το σύστημα Lorenz :   |b πτυχιακή εργασία /   |c Γεώργιος Αλέξιος Καραντώνης, Θωμάς Ρουμελιώτης ; επιβλέπων καθηγητής Νικόλαος Καραχάλιος.  
260 |c 2007.  
300 |a 45 σ. :   |b εικ. ;   |c 30 εκ.  
502 |a Πτυχιακή εργασία – Πανεπιστήμιο Αιγαίου, Σάμος, 2007. 
504 |a Βιβλιογραφία: σ. 45.  
506 0 |a Διάθεση πλήρους κειμένου - Ελεύθερη πρόσβαση.  
520 |a Η ροή για το σύστημα Lorenz 
610 2 0 |a University of the Aegean  |x Dissertations. 
650 0 0 |a Lorenz equations. 
650 0 0 |a Dissertations, Academic  |z Greece. 
700 1 |a Ρουμελιώτης, Θωμάς,  |e aut 
700 1 |a Καραχάλιος, Νικόλαος,  |e dgs 
710 2 |a Πανεπιστήμιο Αιγαίου.   |b Σχολή Θετικών Επιστημών.   |b Τμήμα Μαθηματικών. 
852 |a INST  |b SAMOS  |c DIATR  |e 20080805  |h 515.352 ΚΑΡ  |p 005300026922  |q 005300026922  |t DIE  |y 23 
852 |a INST  |b SAMOS  |c DIATR  |e 20080805  |h 515.352 ΚΑΡ  |p 005300026923  |q 005300026923  |t DIE  |y 23 
856 |u http://hdl.handle.net/11610/7990 
901 |a BIBL3-2008-2 
909 |a Σ  |b 134527 
909 |a Σ  |b 134528 
924 |a Καραντώνης  |b Γεώργιος Αλέξιος  |y Σάμος  |z 2008-02 
970 |a Σιτζίμη  |b Γιασεμή  |z 2008/08/05